| 000 | 00802nam a2200277 c 4500 | ||
|---|---|---|---|
| 999 |
_c344672 _d344672 |
||
| 003 | BLK | ||
| 005 | 20190930154735.0 | ||
| 008 | 180911b bul|||||r ||||||| ||bul|| | ||
| 010 | _a004338 | ||
| 040 | _aBLK | ||
| 041 |
_aFRE _cBUL |
||
| 080 | _z728(44)39(44) | ||
| 100 | 1 |
_eпърви автор _9397330 |
|
| 245 | 1 | 0 | _aLa MAISON image de l'homme |
| 246 |
_aEtudes et chroniques _bMAISON image de l'homme |
||
| 260 |
_aParis _bJ. Dumoulin _c1943 |
||
| 300 |
_a256 с _bс ил. _c25 см |
||
| 380 | _a7 | ||
| 490 | _aConstruire | ||
| 490 |
_aЧастна колекция - Академик Михаил Арнаудов _gДарение - Основен фонд |
||
| 650 | 4 |
_aЕтнология _9155182 |
|
| 650 |
_aБит _9148764 |
||
| 655 |
_aИзкуство _9396615 |
||
| 852 |
_aМА 670 _bМА |
||
| 942 |
_cKNG _n0 _s1 |
||
| 944 |
_aCR _c1995 _kValK |
||
| 999 | _d344672 | ||
| 999 | _d344672 | ||
| 999 | _d344672 | ||